CLINICAL NEUROANATOMY (Record no. 26470)

MARC details
000 -LEADER
fixed length control field 00437nam a22001697a 4500
003 - CONTROL NUMBER IDENTIFIER
control field OSt
005 - DATE AND TIME OF LATEST TRANSACTION
control field 20220111102729.0
008 - FIXED-LENGTH DATA ELEMENTS--GENERAL INFORMATION
fixed length control field 220111b |||||||| |||| 00| 0 eng d
020 ## - INTERNATIONAL STANDARD BOOK NUMBER
International Standard Book Number 978-0-7817-5993-9
040 ## - CATALOGING SOURCE
Original cataloging agency DDC
Transcribing agency HU
082 ## - DEWEY DECIMAL CLASSIFICATION NUMBER
Edition number 6TH
Classification number 616.8
Item number 5
100 ## - MAIN ENTRY--PERSONAL NAME
Personal name RICHARD S. SNELL
9 (RLIN) 27531
245 ## - TITLE STATEMENT
Title CLINICAL NEUROANATOMY
250 ## - EDITION STATEMENT
Edition statement 6TH
260 ## - PUBLICATION, DISTRIBUTION, ETC.
Place of publication, distribution, etc. PHILADELPHIA
Name of publisher, distributor, etc. LIPPINCOTT WILLIAMS AND WILKINS
Date of publication, distribution, etc. 2006
942 ## - ADDED ENTRY ELEMENTS (KOHA)
Source of classification or shelving scheme Dewey Decimal Classification
Koha item type Books like text book referance book
Suppress in OPAC No
Holdings
Withdrawn status Lost status Source of classification or shelving scheme Damaged status Not for loan Home library Current library Date acquired Total Checkouts Full call number Barcode Date last seen Copy number Price effective from Koha item type
    Dewey Decimal Classification     College of Medicine and Health’s Sciences Library College of Medicine and Health’s Sciences Library 01/11/2022   616.8-SIN-2006 CMHSL00007389 01/11/2022 1 01/11/2022 Books like text book referance book
    Dewey Decimal Classification     College of Medicine and Health’s Sciences Library College of Medicine and Health’s Sciences Library 01/11/2022   616.8-SIN-2006 CMHSL00007390 01/11/2022 2 01/11/2022 Books like text book referance book
    Dewey Decimal Classification     College of Medicine and Health’s Sciences Library College of Medicine and Health’s Sciences Library 01/11/2022   616.8-SIN-2006 CMHSL00007391 01/11/2022 3 01/11/2022 Books like text book referance book
    Dewey Decimal Classification     College of Medicine and Health’s Sciences Library College of Medicine and Health’s Sciences Library 01/11/2022   616.8-SIN-2006 CMHSL00007392 01/11/2022 4 01/11/2022 Books like text book referance book
    Dewey Decimal Classification     College of Medicine and Health’s Sciences Library College of Medicine and Health’s Sciences Library 01/11/2022   616.8-SIN-2006 CMHSL00007393 01/11/2022 5 01/11/2022 Books like text book referance book